000 00504nam a22001697a 4500
999 _c40727
_d40727
003 OSt
005 20200606120133.0
008 191031b ||||| |||| 00| 0 eng d
020 _a9788190489768
040 _cMESKC library
082 _a891.432
_bHAR/S
100 _aHarishchandra,Bharatendu
_959
245 _aSampoorna Natak/
_cBharatendu Harishchandra
260 _aNew Delhi:
_bBalaji Prakashan,
_c2013
300 _a200p
942 _2ddc
_cBK
_h891.432
_iHAR/S
_k891.432
_mHAR/S